Biggest European Cities by Letter - M - Statistics

General Stats
  • This quiz has been taken 98 times
  • The average score is 9 of 15
Answer Stats
Population City % Correct
17.3m Moscow
98%
6.55m Madrid
95%
3.05m Manchester
95%
2.25m Munich
92%
6.20m Milan
91%
1.66m Marseille
77%
2.00m Minsk
70%
1.58m Mannheim
61%
1.03m Málaga
58%
489k Malmö
56%
528k Montpellier
30%
685k Murcia
30%
511k Middlesbrough
10%
502k Mönchengladbach
9%
720k Makhachkala
3%
No matching quizzes found
Score Distribution
Percent of People with Each Score
Percentile by Number Answered
Your Score History
You have not taken this quiz